| 000 | 00547nam a2200229Ia 4500 | ||
|---|---|---|---|
| 999 |
_c18554 _d18554 |
||
| 003 | 0100 | ||
| 005 | 20170529124122.0 | ||
| 008 | 130303s9999 xx 000 0 und d | ||
| 020 | _a0582050707 | ||
| 040 | _cARRUPELIB | ||
| 050 | _aDT20.A619 1994 | ||
| 100 |
_aCurtin, Philip (et al) _931510 |
||
| 245 | _aAfrican History | ||
| 245 | _bFrom Earliest times to Independence | ||
| 250 | _asecond edition | ||
| 260 |
_bLongman Group _aLondon _c1994 |
||
| 300 | _axvi | ||
| 300 | _b 546p. 21cm. | ||
| 650 |
_bAfrica _xHistory _922067 |
||
| 942 | 0 | 0 |
_017 _2lcc _cMONOGRAPH |